000 00891cam a2200265 4500
001 ABS61620
008 000000n1999 000 0 eng u
035 _a(Sirsi) u102998
245 _aAlternative land use
260 _c1999
490 _aFarm Development Review
_v13(9) July 1999 (8) (LOAN)
520 _aIncludes articles on organic farming, agricultural spares franchises, paintball games, christmas tree production, the Agriculture Development Scheme 1999 and the EU's rural development programme.
590 _aABS
600 _aFARM DIVERSIFICATION
650 _aORGANIC FARMING
650 _aCHRISTMAS TREES
650 _aPAINTBALLING
650 _aFARM MACHINERY
650 _aOBJECTIVE 5(B) FUNDING
650 _aRURAL DEVELOPMENT PROGRAMMES
650 _aEUROPEAN UNION
650 _aAGRICULTURE DEVELOPMENT SCHEME
690 _aRURAL PRACTICE
942 _n0
999 _c61886
_d61886